MARC

LEADER 00000nas a2200000 a 4500
001 ssj0012649
003 WaSeSS
005 20200512172242.0
006 m d
007 cr n
008 010306c19979999meuqr pss 0 a0eng c
010 |a  2001252618 
016 7 |a 2117206-7  |2 DE-600 
022 |a 1938-5307  |l 1092-6194  |y 1092-6194 
035 |a (WaSeSS)ssj0012649 
037 |b BioOne, 21 Dupont Circle, Suite 800, Washington, DC 20036 
040 |a BIK  |b eng  |c BIK  |d WAU  |d OCLCQ  |d MYG  |d F#A  |d MUQ  |d NSD  |d EYM  |d HUL  |d NSD  |d MYG  |d OCLCQ  |d DLC  |d OCLCQ  |d DLC  |d OCLCQ  |d OCLCF  |d VT2  |d OCLCQ  |d DEBBG  |d GILDS  |d SPIES  |d IBK  |d U3W  |d WaSeSS 
042 |a pcc  |a nsdp 
043 |a n-use-- 
050 1 4 |a QH105.M2  |b M36 
082 1 0 |a 508  |2 14 
130 0 |a Northeastern naturalist (Online) 
210 0 |a Northeast. nat.  |b (Steuben, Me. Town. Online) 
222 0 |a Northeastern naturalist  |b (Steuben, Me. Town. Online) 
245 1 0 |a Northeastern naturalist  |h [electronic resource]. 
260 |3 1997-2011  |a Steuben, ME :  |b Humboldt Field Research Institute,  |c 1997- 
260 3 |3 2012  |a Steuben, ME :  |b Eagle Hill Institute 
310 |a Quarterly 
362 0 |a Vol. 4, no. 1 (1997)- 
500 |a Title from cover (JSTOR, viewed May 30, 2007). 
506 |a License restrictions may limit access. 
538 |a Mode of access: World Wide Web. 
588 |a Latest issue consulted: Vol. 11, no. 3 (Sept. 2004) (BioOne, viewed Oct. 25, 2004). 
650 0 |a Natural history  |z Northeastern States  |v Periodicals. 
650 6 |a Sciences naturelles  |z Nord-Est, Côte (Amérique du Nord)  |v Périodiques. 
650 7 |a Natural history.  |2 fast  |0 (OCoLC)fst01034268 
651 7 |a Northeastern States.  |2 fast  |0 (OCoLC)fst01242521 
655 0 |a Electronic journals. 
710 2 |a Humboldt Field Research Institute. 
776 0 8 |i Print version:  |t Northeastern naturalist  |x 1092-6194  |w (DLC) 97657574  |w (OCoLC)36318397 
780 0 0 |t Maine naturalist (Steuben, Me. : Online)  |x 2326-5124  |w (DLC) 2007234134  |w (OCoLC)137246130 
856 4 0 |z Full text available from Research Library: 04/01/1998 to present  |u https://search.proquest.com/publication/46510